000 00411nam a2200181Ia 4500
001 2589
005 20260306144818.0
008 260306t2011||||xx |||||||||||||| ||spa||
041 _aESP
082 _a616.89156
_bH37
100 _aHellinger, Bert
_eAUT
245 0 _aÓrdenes del amor
260 _c2011
300 _a407 páginas :
_c22 cm.
650 _aGEN
654 _aCPS
942 _cLIB
_dJUS
_fJUS
_2ddc
_n
999 _c2589
_d2589